| 000 | 00780nam a2200277 a 4500 | ||
|---|---|---|---|
| 003 | AR-BaBNM | ||
| 005 | 20251128210939.0 | ||
| 008 | 082120s2002 ||||||||||||||000 | spa|| | ||
| 020 | _a956-13-1197-6 | ||
| 040 | _cAR-BaBNM | ||
| 100 | 1 | _aBeuchat Reichardt, Cecilia | |
| 245 | 0 | 0 |
_aCreatividad y lenguaje _btalleres literarios para niños |
| 260 |
_aSantiago _bEditorial Andrés Bello _c1994 |
||
| 300 | _a155 p. | ||
| 500 | _aContiene referencias bibliográficas | ||
| 650 | 4 | _aENSEÑANZA DE LA ESCRITURA | |
| 650 | 4 | _aCREATIVIDAD | |
| 650 | 4 | _aIMAGINACION | |
| 650 | 4 | _aDESARROLLO DEL LENGUAJE | |
| 650 | 4 | _aTECNICAS DIDACTICAS | |
| 653 | _aENSENANZA DE LA LENGUA | ||
| 653 | _aTALLER LITERARIO | ||
| 700 | 1 | _aLira, Teresita | |
| 942 | _cBK | ||
| 998 | _cRAQUEL | ||
| 999 |
_c17590 _d17590 |
||